000 00826nam a2200181Ia 4500
008 151202s9999||||xx |||||||||||||| ||und||
082 _bPNVM-1637
100 _aराजवाडे वि. का.
245 _a"मराठ्यांच्या इतिहासाची साधने खंड 1, 1750 ते 1761, 3RD COPY."
260 _bद. वा. पोतदार.
260 _c0
300 _a0
600 _aराजवाडे वि. का.
630 _a"मराठ्यांच्या इतिहासाची साधने खंड 1, 1750 ते 1761, 3RD COPY."
700 _aराजवाडे वि. का.
730 _a"मराठ्यांच्या इतिहासाची साधने खंड 1, 1750 ते 1761, 3RD COPY."
942 _cBOOK
999 _c1267635
_d1267632